Oshkosh bars Quiz Stats

 Plays Quiz not verified by Sporcle

Support Sporcle.
Go Orange.
Score 0/10 Timer 10:00
0 Plays Today
% Correct
The Library
83.7%
Kelly's
67.4%
Molly McGuire's
41.9%
Calhoun Beach Club
41.9%
Mabel Murphys
34.9%
Terry's
30.2%
Barney's
27.9%
Dalmatians
9.3%
St. Thomas Bar
4.7%
Bread and Bottle.
0%

You're not logged in!

Compare scores with friends on all Sporcle quizzes.
OR
Log In

From the Vault

Animated Movie by Characters

by enough

Here is hoping that you are drawn to this quiz.
Remove Ads.
Support Sporcle.
Get the best of Sporcle when you Go Orange. This ad-free experience offers more features, more stats, and more fun while also helping to support Sporcle. Thank you for becoming a member.

Show Comments

Extras

Created Feb 9, 2011ReportNominate
Tags:bar, late, near

Top Quizzes Today


Score Distribution

Your Account Isn't Verified!

In order to create a playlist on Sporcle, you need to verify the email address you used during registration. Go to your Sporcle Settings to finish the process.

Report this User

Report this user for behavior that violates our Community Guidelines.

Details: